| 000 | 00585nam a2200205 i 4500 | ||
|---|---|---|---|
| 001 | 105952 | ||
| 003 | ES-MaACL | ||
| 007 | t| | ||
| 008 | 060914s1963 fr ||||1| fre d | ||
| 080 | _a821.133.1-14"19" | ||
| 100 | 1 |
_aEluard, Paul. _947116 |
|
| 245 | 1 | 0 |
_aChoix de poèmes / _cPaul Eluard. |
| 260 |
_a[Paris] : _bGallimard, _c[1963] |
||
| 300 |
_a446 p. ; _c17 cm. |
||
| 490 | 1 |
_aLe livre de poche ; _v1003-1004 |
|
| 500 | _aBiblioteca Juan Andrade. | ||
| 830 | 0 | 3 |
_aLe livre de poche _v1003-1004 _9179656 |
| 852 |
_aES-MaACL _jAND-962 _bR.110250 |
||
| 999 |
_c105952 _d105952 |
||